Rozpoznaj państwa po opisie - Statystyki

Ogólne statystyki
  • Ten quiz został rozwiązany 325 razy
    278 od ostatniego zresetowania
  • Średni wynik to 21 z 35
Statystyki odpowiedzi
Podpowiedź Odpowiedź % Poprawnych
Państwo na swojej fladze ma liść klonu. Kanada
87%
W tym kraju znajduje się najwyższy budynek na świecie. Zjednoczone Emiraty Arabskie
82%
Jest taki serial animowany. Pingwiny z ... Madagaskar
76%
Jedyna flaga w tak nietypowym kształcie. Nepal
76%
Jakie państwa całościowo otaczane są przez inne państwo San Marino I Watykan I Lesotho
75%
Z tego państwa pochodzi znana firma LEGO. Dania
74%
Stolica tego państwa to Nowe Delhi. Indie
74%
Jest to flaga Wybrzeża Kości Słoniowej w lustrzanym odbiciu. Irlandia
72%
To państwo ma tylko niebieski i żółty na swojej fladze. Ukraina I Kazachstan I Palau I Szwecja
72%
Państwa bez lotniska. Andora I Liechtenstein I Watykan I Monako I San Marino
70%
Granice tego państwa układają się w but. Włochy
70%
Na fladze tego państwa widać Gwiazdę Dawida. Izrael
69%
Jedyne państwo na tą literę. Oman I Łotwa I Vanuatu
69%
W tym państwie znajduje się Alcatraz. Stany Zjednoczone
69%
Jakie jest największe państwo, które swoje granice ma jedynie morskie? Australia
66%
Flagę tego państwa można pomylić z flagą Kataru. Bahrajn
66%
Flaga tego państwa to przyciemniona flaga Rumunii Czad
66%
Jakie państwa w swojej angielskiej nazwie mają literę "X"? Luksemburg I Meksyk
63%
Państwa te zaczynają się na "A", ale się nie kończą na "A". Afganistan I Azerbejdzan
62%
Flaga tego państwa jest bardzo podobna do flagi Teksasu. Chile
60%
Flaga tych państw jest bardzo podobna do flagi Stanów Zjednoczonych. Malezja I Liberia
59%
Flaga tego kraju nazywana jest "Union Jack", państwo to złożone jest z czterech innych państw. Wielka Brytania
59%
Na jakiej fladze państwa widniej napis "Ordem e Progresso"? Brazylia
55%
Państwo z fioletowym kolorem w swojej fladze. Dominika I Nikaragua
55%
W tym państwie znajduje się więcej koni niż ludzi. Mongolia
50%
Kiedyś, flaga tego państwa była cała zielona. Libia
49%
Na terenach tego państwa znajduje się najwięcej piramid na świecie. Sudan
48%
Na flagach tych państw jest Słońce Majów. Urugwaj I Argentyna
48%
Na fladze tego państwa jest 5 krzyży. Gruzja
46%
Głównym symbolem flagi tego państwa to złoty lew trzymający miecz. Sri Lanka
42%
W środku flagi tego państwa są złote elementy takie jak; gwiazda, maczeta i koło zębate. Te przedmioty układają się w podobny znak jaki znajduje się na fladze ZSRR. Angola
38%
W centrum flagi tego państwa widnieje Czarny Trójząb. Barbados
38%
W tym państwie znajduje się Przylądek Igielny Republika Południowej Afryki
36%
Najmniejsze, niezależne państwo w Azji. Malediwy
32%
Na fladze tego państwa znajduje się Rajski Ptak. Papua Nowa Gwinea
29%
Nie znaleziono quizów pasujących do podanych kryteriów
Rozkład punktacji
Procent ludzi z każdym wynikiem
Percentyl według liczby udzielonych odpowiedzi
Twoja historia wyników
Nie rozwiązałeś tego quizu od ostatniego zresetowania